| 000 | 00325nam a2200133Ia 4500 | ||
|---|---|---|---|
| 008 | 190704s9999||||xx |||||||||||||| ||und|| | ||
| 020 | _a9780312050528 | ||
| 082 |
_a791.433 _bCUL/A |
||
| 100 | _aCulhane, Shamus | ||
| 245 | 0 | _aANIMATION From Script to Screen | |
| 260 |
_aNew Yark _bS.C. _c1988 |
||
| 300 | _a336p | ||
| 942 | _cBK | ||
| 999 |
_c6326 _d6326 |
||